| 000 | 00000nam 2200000zi 4500 |
| 001 | 9.947492 |
| 003 | CaOODSP |
| 005 | 20250130101900 |
| 006 | m o d f |
| 007 | cr mn||||||||| |
| 008 | 250129e197211##onca ob f000 0 eng d |
| 040 | |aCaOODSP|beng|erda|cCaOODSP |
| 043 | |an-cn--- |
| 086 | 1 |aDR52-19/5-1972E-PDF |
| 100 | 1 |aInnes, L. G., |eauthor. |
| 245 | 14|aThe National Defence Command System : |bhuman engineering design considerations / |cL.G. Innes. |
| 264 | 1|aDownsview, Ontario : |bDefence and Civil Institute of Environmental Medicine, Behavioural Sciences Division : |bDefence Research Board - Department of National Defence - Canada, |cNovember 1972. |
| 300 | |a1 online resource (v, 11 pages) : |billustrations. |
| 336 | |atext|btxt|2rdacontent |
| 337 | |acomputer|bc|2rdamedia |
| 338 | |aonline resource|bcr|2rdacarrier |
| 490 | 1 |aDCIEM report ; |vno. 902 |
| 500 | |aDigitized edition from print [produced by Defence R&D Canada]. |
| 504 | |aIncludes bibliographical references (page 11). |
| 520 | 3 |a"An improved Operations Centre, the National Defence Command Centre, is required in the new National Defence Headquarters Building to act as the operational hub of the National Defence Command System. This report outlines human engineering advice provided during the design of the National Defence Command Centre in terms of (a) visual information (b) verbal communications management and (c) desk design. A new method is proposed for scheduling management for the airlift section"--Abstract, page v. |
| 610 | 10|aCanada. |bDepartment of National Defence|xPlanning. |
| 610 | 16|aCanada. |bMinistère de la défense nationale|xPlanification. |
| 650 | 0|aCommand and control systems|zCanada. |
| 650 | 0|aHuman engineering|zCanada. |
| 650 | 6|aCommandement militaire|zCanada. |
| 650 | 6|aErgonomie|zCanada. |
| 710 | 2 |aDefence and Civil Institute of Environmental Medicine (Canada). |bBehavioral Sciences Division, |eissuing body. |
| 710 | 1 |aCanada. |bDefence Research Board, |eissuing body. |
| 830 | #0|aDCIEM report ;|vno. 902.|w(CaOODSP)9.941842 |
| 856 | 40|qPDF|s867 KB|uhttps://publications.gc.ca/collections/collection_2025/rddc-drdc/DR52-19-5-1972-eng.pdf |